1504 1895 1454 1737 1689 1273 1735 1115 1588 1631 1800 1426 1972 1655 1209 1439 1545 1960 1769 1913 1967 1901 1689 1821 1317 1060 1013 1929 1804 1927 1857 1726 1699 1399 1381 1926 1498 1048 1843 1465 1321 1276 1010 1320 1789 1826 1613 1045 1237 1781 1757 1966 1533 1443 1884 1535 1432 1540 1015 1256 1107 1448 1635 1032 1939 1489 1519 1951 1469 1427 1302 1557 1774 1177 1957 1593 1516 1784 1535 1022 1630 1169 1967 1200 1514 1788 1589 1550 1442 1151 1160 1462 1786 1828 1062 1794 1362 1840 1082 BCNSPRNW ULIB Ver.6.0+V

เปลี่ยนเป็นภาษาไทย

Change to English
 แสดงรายละเอียดบรรณานุกรม
  กลับหน้าหลัก

Brief Record : Get Marc (ISO 2709) : E-mail record : QR code < ปิดหน้าต่าง
LEADER : 00000nam 2200000uu 4500
001    13399121861
003     ULIB
008    121212s2547||||th 000 0 tha d
020    ^a9749773012
060  4 ^aWO100^bจ225ศ ล.26
245 00 ^aศัลยศาสตร์วิวัฒน์ 26 :^bUpdate in colon and rectum surgery /^cบรรณาธิการ, จักรพันธ์ เอื้อนรเศรษฐ์, วีรพัฒน์ สุวรรณธรรมา, อรุณ โรจนสกุล
246 30 ^aUpdate in colon and rectal surgery.
260    ^aกรุงเทพฯ :^bกรุงเทพเวชสาร,^c2547.
300    ^aก-ซ, 501 หน้า :^bภาพประกอบ,^c22 ซม.
650  7 ^aศัลยศาสตร์ลำไส้ใหญ่โคลอน
650  7 ^aศัลยศาสตร์
653    ^aผลงานอาจารย์คณะแพทยศาสตร์ศิริราชพยาบาล
700 0  ^aอรุณ โรจนสกุล,^eบรรณาธิการ
700 0  ^aวีรพัฒน์ สุวรรณธรรมา,^eบรรณาธิการ
700 0  ^aจักรพันธ์ เอื้อนรเศรษฐ์,^eบรรณาธิการ
852    ^aพยาบาลศาสตร์.
945    ^p550^l0^i13312
945    ^p550^l0^i13310
945    ^p550^l0^i13313
945    ^p550^l0^i13311
945    ^p550^l0^i13309
999    ^aทศพร เกษรทอง
รายการนี้ยังไม่มีแท็ก
คุณยังไม่ได้ล็อกอิน คุณสามารถมีกิจกรรมร่วมกับเว็บไซต์ได้ แต่ต้องล็อกอินก่อน ::
  ล็อกอิน

รายการสื่อสารสนเทศ

ลำดับที่ ประเภท เลขเรียก/บาร์โค้ด สถานที่ สถานะ
1. วิทยาศาสตร์การแพทย์ และสุขภาพ
วิทยาศาสตร์การแพทย์ และสุขภาพ
WO100 จ225ศ ล.26 ฉ.1 
  Barcode: 13309
ห้องสมุดวิทยาเขตสวรรค์ประชารักษ์
►หนังสือทั่วไป
บนชั้น
2. วิทยาศาสตร์การแพทย์ และสุขภาพ
วิทยาศาสตร์การแพทย์ และสุขภาพ
WO100 จ225ศ ล.26 ฉ.2 
  Barcode: 13310
ห้องสมุดวิทยาเขตสวรรค์ประชารักษ์
►หนังสือทั่วไป
บนชั้น
3. วิทยาศาสตร์การแพทย์ และสุขภาพ
วิทยาศาสตร์การแพทย์ และสุขภาพ
WO100 จ225ศ ล.26 ฉ.3 
  Barcode: 13311
ห้องสมุดวิทยาเขตสวรรค์ประชารักษ์
►หนังสือทั่วไป
บนชั้น
4. วิทยาศาสตร์การแพทย์ และสุขภาพ
วิทยาศาสตร์การแพทย์ และสุขภาพ
WO100 จ225ศ ล.26 ฉ.4 
  Barcode: 13312
ห้องสมุดวิทยาเขตสวรรค์ประชารักษ์
►หนังสือทั่วไป
บนชั้น
5. วิทยาศาสตร์การแพทย์ และสุขภาพ
วิทยาศาสตร์การแพทย์ และสุขภาพ
WO100 จ225ศ ล.26 ฉ.5 
  Barcode: 13313
ห้องสมุดวิทยาเขตสวรรค์ประชารักษ์
►หนังสือทั่วไป
บนชั้น

รายการใกล้เคียง
    หัวเรื่อง [ศัลยศาสตร์ลำไส้ใหญ่โคลอน]
    หัวเรื่อง [ศัลยศาสตร์]

BibComment


ยังไม่เคยถูกคอมเมนท์

คอมเมนท์ทรัพยากรรายการนี้
  คอมเมนท์: ศัลยศาสตร์วิวัฒน..


 Copyright 2026. Bcnsprnw @Library